[Event "Werther Schloss op-B 11th"]
[Site "Werther"]
[Date "2005.03.19"]
[Round "3"]
[White "Wuttke, David Alexander"]
[Black "Paneff, Florian"]
[Result "1-0"]
[WhiteElo "1789"]
[BlackElo "1657"]
[PlyCount "83"]
[EventDate "2005.03.18"]
[EventType "swiss"]
[EventRounds "5"]
[EventCountry "GER"]
[SourceTitle "EXT 2006"]
[Source "ChessBase"]
[SourceDate "2005.11.24"]
[SourceVersion "1"]
[SourceVersionDate "2005.11.24"]
[SourceQuality "1"]

1. e4 e5 2. Nf3 Nc6 3. Bb5 Bc5 4. c3 Nge7 5. 0-0 a6 6. Ba4 0-0 7. d4 exd4 8. cxd4 Bb6 9. Nc3 d6 10. h3 Bd7 11. Bb3 h6 12. a3 Re8 13. Be3 Na5 14. Ba2 Ba7 15. b4 Nac6 16. Nh4 Rf8 17. Qd2 Bxd4 18. Nf3 Bxe3 19. Qxe3 Ne5 20. Nxe5 dxe5 21. Rfd1 Qc8 22. Qc5 Nc6 23. Nd5 Re8 24. Rac1 Be6 25. Qe3 Kh8 26. Rc3 f6 27. Bb3 Bxd5 28. exd5 Nd4 29. Ba2 Qd7 30. Qd3 Rac8 31. Bb1 g5 32. Kf1 Re7 33. Qg6 Rg7 34. Qxh6+ Kg8 35. Qxf6 Qxd5 36. Rc5 Qb3 37. Rdc1 Ne6 38. R5c3 Qd5 39. Qf3 Qb5+ 40. Bd3 Qe8 41. Bc4 Rf7 42. Qg4 1-0